00321nam a2200133Ia 4500008004100000100001600041245002700057250001200084260003600096300000900132650002400141942000700165999001500172190216s9999||||xx |||||||||||||| ||und|| aChatwal G R 0aBioinorganic Chemistry a2nd Ed. bHimalaya Publishing Housec1998 a272p aChemistry-Chemistry cBK c3024d3024